00347 2200157 4500245003700000020001800037250001100055100000800066650001600074005001900090260002600109041001400135084000800149300002300157336000900180 aAnalogi Cinta SendiricOkahText a602-220-066-0 aCet. 1 aOka aNovel Fiksi a20230112085214 aJakartabBukunec2012 aIndonesia a813 a160 hlm. :c19 cm. atext